Pokémon Theme Quiz Stats

 Plays Quiz Updated Mar 19, 2020

Support Sporcle.
Go Orange.
Score 0/100 Timer 04:00
46 Plays Today
Lyrics % Correct
I
99.4%
the
94.5%
be
94.4%
very
93.9%
best,
93.9%
wanna
93.6%
no
89.3%
one
89.3%
ever
89.1%
was.
88.9%
To
86.8%
them
86.1%
catch
86.1%
like
85.8%
my
85.8%
is
85.8%
to
84.5%
them
84.3%
my
84.2%
is
84.2%
train
84.2%
test,
83.7%
real
83.4%
cause...
82.8%
I
80%
travel
78%
the
77.9%
will
77.8%
across
77.7%
land,
77.6%
and
77.2%
far
77.2%
searching
77.1%
wide,
77.1%
Lyrics % Correct
Pokémon
72.1%
the
71.5%
power
71.4%
POKÉMON!
71.4%
inside.
71.3%
that's
71.3%
understand
71%
to
70.7%
Each
69.7%
catch
67%
Gotta
67%
em'
67%
all!
66.4%
(It's
58.9%
you
57.8%
and
57.5%
me...)
57.4%
I
57%
know
56.4%
it's
56.3%
destiny!
56.1%
my
56%
POKÉMON!
55.4%
Oh...
52.4%
my
51.7%
best
51.7%
friend,
51.6%
You're
51.1%
(In
51%
a
50.9%
world
50.8%
we
50.7%
must
50.5%
defend!)
50.3%
Lyrics % Correct
POKÉMON!
50.2%
Gotta
45.6%
catch
45.4%
'em
45.4%
all!
45.1%
(Our
38.2%
POKÉMON!
36.3%
true...)
36.2%
You
36%
so
35.9%
me
35.7%
and
35.7%
teach
35.7%
hearts
35.4%
Our
35.4%
PO-KÉ-MON!
35.2%
you...
35.2%
I'll
35.1%
Gotta
35.1%
teach
35.1%
will
35%
all...
35%
Gotta
35%
catch
35%
courage
35%
'em
35%
us
34.8%
catch
34.8%
pull
34.8%
'em
34.7%
through!
34.7%
all,
34.6%

From the Vault

Vowel-less Movie Titles V

by katevandekeere

Movies 5m
These titles just don't quite roll off the tongue without vowels.
Remove Ads.
Support Sporcle.
Get the best of Sporcle when you Go Orange. This ad-free experience offers more features, more stats, and more fun while also helping to support Sporcle. Thank you for becoming a member.

Show Comments

Extras

Top Quizzes Today


Score Distribution

Your Account Isn't Verified!

In order to create a playlist on Sporcle, you need to verify the email address you used during registration. Go to your Sporcle Settings to finish the process.

Report this User

Report this user for behavior that violates our Community Guidelines.

Details: